|
|
|
|
| LEADER |
00827cam a2200193 i 4500 |
| 008 |
750703s1974 ii b 001 0 eng |
| 082 |
0 |
0 |
|a 301
|
| 100 |
1 |
|
|a Béteille, André.
|
| 245 |
1 |
0 |
|a Six essays in comparative sociology /
|c André Béteille.
|
| 260 |
|
|
|a Delhi ;
|a New York :
|b Oxford University Press,
|c 1974.
|
| 300 |
|
|
|a viii, 113 p. ;
|c 23 cm.
|
| 500 |
|
|
|a Outcome of the first series of national lectures in sociology, conducted by the University Grants Commission of India, 1972-73.
|
| 504 |
|
|
|a Includes bibliographical references and index.
|
| 650 |
|
0 |
|a Sociology, Rural.
|
| 650 |
|
0 |
|a Sociology.
|
| 906 |
|
|
|a 7
|b cbc
|c orignew
|d 4
|e ncip
|f 19
|g y-gencatlg
|
| 942 |
|
|
|c BK
|
| 999 |
|
|
|c 276807
|d 276807
|
| 952 |
|
|
|0 0
|1 0
|2 ddc
|4 0
|6 301_000000000000000_BET_S
|7 0
|9 311366
|a PHL
|b PHL
|c ST1
|d 2016-01-07
|i 1870
|o 301 BET/S
|p PHL1870
|r 2016-01-07
|y BK
|